Movies Quiz

Random Movies or Director Quiz
Score 0/93 Timer 15:00
1 Play Today
Director Title % Correct
Woody AllenAnnie Hall
94.9%
Martin ScorseseThe Departed
94.3%
Steven SpielbergSchindler's List
92.3%
Martin ScorseseRaging Bull
91.6%
Martin ScorseseGoodfellas
90.6%
Steven SpielbergSaving Private Ryan
90.4%
Steven SpielbergE.T.
89.5%
Alfred HitchcockPsycho
88.7%
Martin ScorseseGangs of New York
85.8%
Martin ScorseseThe Aviator
84.9%
David LeanLawrence of Arabia
84.1%
Elia KazanOn the Waterfront
84%
Steven SpielbergClose Encounters of the Third Kind
83.2%
Steven SpielbergRaiders of the Lost Ark
82.8%
Billy WilderThe Apartment
81.5%
Alfred HitchcockRear Window
80.8%
Alfred HitchcockRebecca
80.3%
Steven SpielbergMunich
80.2%
Woody AllenHannah and Her Sisters
79.1%
David LeanBridge on the River Kwai
78.1%
Frank CapraIt's a Wonderful Life
77.5%
Billy WilderSome Like It Hot
73.8%
Robert AltmanMASH
72.8%
Robert AltmanNashville
72.1%
John HustonTreasure of the Sierra Madre
71.9%
Frank CapraIt Happened One Night
71.1%
Robert AltmanGosford Park
71.1%
Elia KazanA Streetcar Named Desire
70.1%
William WylerBen-Hur
70%
Frank CapraMr. Smith Goes to Washington
69.6%
Billy WilderSunset Blvd.
68.3%
Director Title % Correct
George CukorMy Fair Lady
64%
William WylerThe Best Years of Our Lives
63.3%
Woody AllenBullets over Broadway
63.3%
John FordStagecoach
62.3%
Martin ScorseseThe Last Temptation of Christ
62.2%
Billy WilderThe Lost Weekend
61.5%
John FordHow Green Was My Valley
61.2%
David LeanA Passage to India
61.1%
Fred ZinnemannFrom Here to Eternity
60.1%
Robert AltmanThe Player
60%
Billy WilderDouble Indemnity
58.8%
Fred ZinnemannA Man for All Seasons
58.5%
David LeanDoctor Zhivago
56.9%
John HustonPrizzi's Honor
56.9%
Woody AllenCrimes and Misdemeanors
56.7%
Robert AltmanShort Cuts
56.7%
George StevensGiant
56.4%
Frank CapraYou Can't Take It with You
55.8%
Fred ZinnemannHigh Noon
55.4%
John FordThe Grapes of Wrath
55.3%
William WylerMrs. Miniver
53.2%
John HustonThe African Queen
51.8%
Elia KazanGentleman's Agreement
50.9%
Woody AllenInteriors
49.3%
Frank CapraMr. Deeds Goes to Town
48.2%
John FordThe Quiet Man
46.4%
David LeanBrief Encounter
45.9%
George StevensA Place in the Sun
45.6%
George CukorThe Philadelphia Story
45.5%
Woody AllenBroadway Danny Rose
44.6%
David LeanGreat Expectations
43.5%
Director Title % Correct
John FordThe Informer
39.4%
Fred ZinnemannThe Search
39.3%
Alfred HitchcockSpellbound
39.1%
Billy WilderStalag 17
38.5%
Fred ZinnemannJulia
38.3%
Alfred HitchcockLifeboat
37.8%
George StevensShane
36.4%
William WylerRoman Holiday
34.6%
Elia KazanEast of Eden
33.4%
William WylerWuthering Heights
32.7%
Billy WilderWitness for the Prosecution
32.2%
Billy WilderSabrina
31.8%
Elia KazanAmerica, America
29.4%
William WylerThe Letter
25.2%
William WylerThe Little Foxes
25.2%
David LeanSummertime
23.8%
John HustonMoulin Rouge
23.7%
George StevensThe Diary of Anne Frank
23.5%
William WylerThe Heiress
23%
George CukorBorn Yesterday
22.8%
William WylerDodsworth
22.6%
John HustonThe Asphalt Jungle
22.6%
Fred ZinnemannThe Nun's Story
21.7%
Fred ZinnemannThe Sundowners
20.8%
George CukorLittle Women
20.4%
William WylerFriendly Persuasion
18.6%
William WylerThe Collector
18%
Frank CapraLady for a Day
18%
George StevensThe More the Merrier
15.1%
William WylerDetective Story
13.2%
George CukorA Double Life
12.6%
Remove Ads.
Support Sporcle.
Get the best of Sporcle when you Go Orange. This ad-free experience offers more features, more stats, and more fun while also helping to support Sporcle. Thank you for becoming a member.

You're not logged in!

Compare scores with friends on all Sporcle quizzes.
OR
Log In

Show Comments

Extras

Top Quizzes Today


Score Distribution

Your Account Isn't Verified!

In order to create a playlist on Sporcle, you need to verify the email address you used during registration. Go to your Sporcle Settings to finish the process.

Report this User

Report this user for behavior that violates our Community Guidelines.

Details: